| 000 | 01303nam0a22002651 4500 | ||
|---|---|---|---|
| 001 | rc\1664650 | ||
| 005 | 20260405185542.0 | ||
| 035 | _a(NLR Aleph) 005289045 | ||
| 090 |
_a6171957 _c6171957 |
||
| 100 | _a20061002e18921892|||y0rusy50 ca | ||
| 101 | 0 | _arus | |
| 102 | _aRU | ||
| 105 | _ay z |||a| | ||
| 200 | 1 |
_aВасильев вечер _e(Ночь под Новый год) _eСвяточ. сцены в 5 карт. _e(Из повести Д.В. Григоровича "Прохожий") _eС разреш. авт. _fМ.А. ф. Ашеберг |
|
| 210 |
_aСанкт-Петербург _cН.Г. Мартынов _d1892 |
||
| 215 |
_a[4], 32 с. _d21 |
||
| 488 | 0 |
_12001#$aПрохожий$eПовесть Д.В. Григоровича _1700#1$3RU\NLR\AUTH\7716014$7ca$aГригорович$bД. В.$f1822-1900$gДмитрий Васильевич _tПрохожий _aГригорович, Дмитрий Васильевич (1822-1900) |
|
| 700 | 1 |
_8rus _7ca _aАшеберг _bМ. А. фон _f1848- _gМария Александровна фон _3RU\NLR\AUTH\7781862 _964790 |
|
| 801 | 0 |
_aRU _bNLR _c20061002 _gpsbo |
|
| 801 | 0 |
_aRU _bRuMoRGB _c20061002 _2psbo |
|
| 801 | 1 |
_aRU _bProSoft-M _c20061002 _2rusmarc |
|
| 801 | 2 |
_aRU _bNLR _c20130812 _2rusmarc |
|
| 852 |
_aNLR _j18.207.3.340 |
||
| 942 | _cBOOK | ||
| 980 | _aNB | ||